Vista normal
Vista MARC
Entrada Geographic Name
Número de registros utilizados en: 1
001 - CONTROL NUMBER
- control field: 7899
003 - CONTROL NUMBER IDENTIFIER
- control field: OSt
005 - DATE AND TIME OF LATEST TRANSACTION
- control field: 20200727154618.0
008 - FIXED-LENGTH DATA ELEMENTS
- fixed length control field: 200727|| aca||aabn | a|a d
040 ## - CATALOGING SOURCE
- Original cataloging agency: OSt
- Transcribing agency: OSt
151 ## - HEADING--GEOGRAPHIC NAME
- Geographic name: América Latina
- General subdivision: pobreza
670 ## - SOURCE DATA FOUND
- Source citation: Work cat.: (OSt)6320: Aguilar Zuluaga, Ignacio, autor 7897, un análisis del desarrollo, la pobreza y la desigualdad / , 2011